Hacia una reflexión ética del conflicto colombiano : buscando la "verdad" /

Zapisane w:
Opis bibliograficzny
1. autor: González Jácome, Jorge
Korporacja: e-libro, Corp
Format: Artykuł
Język:hiszpański
Wydane: Bogotá (Colombia) : Red Universitas. Pontificia Universidad Javeriana, 2007.
Hasła przedmiotowe:
Dostęp online:https://elibro.unach.elogim.com/es/lc/unach/titulos/32744
Etykiety: Dodaj etykietę
Nie ma etykietki, Dołącz pierwszą etykiete!

MARC

LEADER 00000nab a2200000 a 4500
001 ELB32744
003 FlNmELB
006 m o d |
007 cr cn|||||||||
008 201106r2007 ck |||||s|||||||||||spa d
022 |a 2011-1711 
035 |a (OCoLC)955410104 
040 |a FlNmELB  |b spa  |c FlNmELB 
050 4 |a JA5  |b G643 2007 
080 |a 32 
082 0 4 |a 320  |2 22 
100 1 |a González Jácome, Jorge. 
222 0 |a Universitas 
245 1 0 |a Hacia una reflexión ética del conflicto colombiano :   |h [recurso electronico]  |b buscando la "verdad" /  |c Jorge González Jácome. 
260 |a Bogotá (Colombia) :  |b Red Universitas. Pontificia Universidad Javeriana,  |c 2007. 
300 |a 27 p. 
310 |a Trimestral 
362 0 |a No. 113(2007)- 
533 |a Recurso electrónico. Santa Fe, Arg.: e-libro, 2015. Disponible vía World Wide Web. El acceso puede estar limitado para las bibliotecas afiliadas a e-libro. 
650 4 |a Derecho.  |x General. 
650 4 |a Law.  |x General. 
655 4 |a Artículos electrónicos. 
710 2 |a e-libro, Corp. 
856 4 0 |u https://elibro.unach.elogim.com/es/lc/unach/titulos/32744